LEADER 01899nlm 22003011 450 001 996364849203316 005 20201111113745.0 010 $a9789004210080 100 $a20110112d2011---- uy 0 101 0 $afre 102 $aNL 135 $adrcnu 200 1 $aGloses et commentaire du livre XI du Contra Proclum de Jean Philopon autour de la matie?re premie?re du monde$fpar Pascal Mueller-Jourdan 210 1 $aLeiden$aBoston$cBrill$d2011 215 $aTesto elettronico (PDF) (VIII, 236 p.) 225 2 $aPhilosophia Antiqua$v125 230 $aBase dati testuale 330 $aIl problema della materia prima è sicuramente una delle sfide più importanti della fisica tardoantica. È interessante notare che una tale difficoltà non si è mai concentrata in modo esauriente in un trattato dell'Antichità. Se la questione della materia resiste a qualsiasi indagine, è perché la materia è radicalmente "aneideos" (senza forma) anche se è la condizione "sine qua non" dell'esistenza di tutte le forme nel mondo sensibile. Il presente studio propone la prima traduzione in francese dell'intero undicesimo libro del Contra Proclum di Filopono che discute precisamente lo stato della materia prima. Dopo aver chiarito il contesto di tale questione nella Scuola Neoplatonica alessandrina, propone un'analisi dettagliata passo a passo dell'argomento filoponiano, le nozioni da lui utilizzate e una nuova teoria generale che tenta di valutare la pertinenza e la coerenza del suo contributo a questa questione molto problematica. 410 0$aPhilosophia Antiqua$v125 600 0$aGiovanni : Filopono$2BNCF 676 $a186.4 700 1$aMUELLER-JOURDAN,$bPascal$0610527 801 0$bcba$aIT$bcba$gREICAT 912 $a996364849203316 959 $aEB 969 $aER 996 $aGloses et commentaire du livre XI du Contra Proclum de Jean Philopon$91115506 997 $aUNISA